000 00281nam a22001337a 4500
008 170202b xxu||||| |||| 00| 0 eng d
020 _a0262660466
041 _aeng
080 _a61
100 _a3
101 _aSHM
245 _aA CENTURY OF DNA
_cPORTUGAL.F.H
942 _2udc
_cBK
999 _c4266
_d4266